Malnutrition and Nutrient Deficiency (Record no. 617861)

MARC details
000 -LEADER
fixed length control field 00477nam a2200169 a 4500
008 - FIXED-LENGTH DATA ELEMENTS--GENERAL INFORMATION
fixed length control field 260318s2026##################000#0#eng##
020 ## - INTERNATIONAL STANDARD BOOK NUMBER
ISBN 9781635496994
Paper back/Hardbound hbk
082 04 - DEWEY DECIMAL CLASSIFICATION NUMBER
Classification number 362.196 NES
100 ## - MAIN ENTRY--AUTHOR NAME
Personal name Nesbit,Clara
245 10 - TITLE STATEMENT
Title Malnutrition and Nutrient Deficiency
Statement of responsibility, etc /Clara Nesbit
250 ## - EDITION STATEMENT
Edition statement 1st ed.
260 ## - PUBLICATION, DISTRIBUTION, ETC. (IMPRINT)
Place of publication New York:
Name of publisher Larsen &Keller,
Year of publication 2018.
300 ## - PHYSICAL DESCRIPTION
Number of Pages vii,198p.
Dimensions ;26cm.
650 ## - SUBJECT ADDED ENTRY--TOPICAL TERM
Topical Term social problems and services
942 ## - ADDED ENTRY ELEMENTS (KOHA)
Koha item type English Books
Holdings
Withdrawn status Lost status Damaged status Not for loan Home library Current library Shelving location Date acquired Full call number Accession Number Price effective from Koha item type
        Anna Centenary Library Anna Centenary Library 4TH FLOOR, A WING 18.03.2026 362.196NES 605822 18.03.2026 English Books

Find us on the map